[Event "World Teams 2013"]
[Site "Antalya TUR"]
[Date "2013.12.04"]
[Round "8.4"]
[White "Tiviakov,S"]
[Black "Sargissian,G"]
[Result "1/2-1/2"]
[WhiteElo "2663"]
[BlackElo "2676"]

1.e4 e5 2.Nf3 Nc6 3.Bc4 Bc5 4.c3 Nf6 5.d3 d6 6.Bb3 a6 7.h3 Ba7 8.Nbd2 O-O
9.Nf1 d5 10.Qe2 Be6 11.Ng3 dxe4 12.dxe4 Bxb3 13.axb3 Qd7 14.Nh2 a5 15.O-O Qe6
16.Qb5 Bb6 17.Nf3 Ne8 18.Qd5 Nd6 19.Qxe6 fxe6 20.Re1 Bc5 21.Be3 Bxe3 22.Rxe3 b5
23.Nf1 Nb7 24.Rc1 Rfd8 25.b4 Nd6 26.N1d2 Ra6 27.bxa5 Rxa5 28.Re2 Ra2 29.Rb1 Kf7
30.Kf1 Kf6 31.Nb3 Na5 32.Nc5 Ndb7 33.Na6 c6 34.Nb4 Ra4 35.Rd2 Rxd2 36.Nxd2 c5
37.Nd3 Nc6 38.Ke1 Ra8 39.b3 g5 40.Ke2 Ra2 41.Nc1 Ra8 42.Nd3 Ra2 43.Nc1  1/2-1/2

[Event "2nd Kurdistan Open 2013"]
[Site "Erbil IRQ"]
[Date "2013.12.12"]
[Round "3.1"]
[White "Tiviakov,S"]
[Black "Savina,A"]
[Result "1-0"]
[WhiteElo "2658"]
[BlackElo "2403"]

1.e4 e5 2.Nf3 Nc6 3.Bc4 Bc5 4.c3 Nf6 5.d3 d6 6.Bb3 O-O 7.Bg5 h6 8.Bh4 Be6
9.Bc2 d5 10.Nbd2 Be7 11.Qe2 dxe4 12.dxe4 Nh5 13.Bg3 Nxg3 14.hxg3 a6 15.Nf1 Bc5
16.Ne3 Bxe3 17.Qxe3 Qe7 18.Nh4 Rfd8 19.f4 Rd7 20.f5 Bc4 21.b3 Qg5 22.Qxg5 hxg5
23.Nf3 g4 24.Nh2 Bd3 25.O-O-O Rad8 26.Nxg4 f6 27.Ne3 Ne7 28.g4 Kf7 29.g5 fxg5
30.Ng4 Nc6 31.Rh5 Be2 32.Rxd7+ Rxd7 33.Rxg5 Bxg4 34.Rxg4 Ne7 35.Rg3 Kf6 36.Bd3 Rd8
37.Rh3 g6 38.fxg6 Nxg6 39.Bc4 Kg5 40.a4 Rf8 41.Rh7 Kf4 42.Rg7 Rf6 43.Kd2 Rd6+
44.Ke2 Rc6 45.Bd5  1-0

[Event "2nd Kurdistan Open 2013"]
[Site "Erbil IRQ"]
[Date "2013.12.12"]
[Round "4.1"]
[White "Kasparov,S"]
[Black "Tiviakov,S"]
[Result "0-1"]
[WhiteElo "2487"]
[BlackElo "2658"]

1.Nf3 Nf6 2.b3 g6 3.Bb2 Bg7 4.e3 b6 5.c4 Bb7 6.d4 O-O 7.Nc3 c5 8.d5 e6 9.dxe6 fxe6
10.Be2 d5 11.O-O Nbd7 12.Qc2 Qe7 13.Rad1 Rad8 14.Nb1 Ne4 15.Bxg7 Qxg7 16.Nfd2 Nd6
17.Nf3 Nf5 18.Nbd2 Nf6 19.Rfe1 a5 20.Bd3 Nd6 21.Qb2 Nd7 22.Qxg7+ Kxg7 23.Ng5 Rde8
24.f4 Bc6 25.e4 d4 26.e5 Nf5 27.Nf1 h6 28.Be4 Bxe4 29.Nxe4 Nh4 30.Nd6 Rd8
31.Re4 g5 32.Ng3 Kg6 33.Rf1 Rxf4 34.Rfxf4 gxf4 35.Ne2 Nxe5 36.Nxf4+ Kh7 37.Nb5 Rg8
38.Kf1 Ng4 39.Rxe6 Nxh2+ 40.Kg1 N2f3+ 41.Kf2 Ng5 42.Rxb6 Ne4+ 43.Ke2 Rg4
44.Rb7+ Kg8 45.Rb8+ Kf7 46.Rb7+ Kf6 47.Nd5+ Kg6 48.Rb6+ Kh5 49.Nd6 Rxg2+
50.Kd1 Nf2+ 51.Kc2 Kg4 52.Nf7 Ne4+ 53.Kc1 Rxa2 54.Rxh6 Nf3 55.Rg6+ Kh4  0-1

[Event "2nd Kurdistan Open 2013"]
[Site "Erbil IRQ"]
[Date "2013.12.15"]
[Round "5.1"]
[White "Tiviakov,S"]
[Black "Sammalvuo,T"]
[Result "1-0"]
[WhiteElo "2658"]
[BlackElo "2453"]

1.e4 e5 2.Bc4 Nf6 3.d3 Nc6 4.Nf3 Bc5 5.c3 a6 6.Bb3 Ba7 7.h3 d5 8.Qe2 O-O
9.Bg5 dxe4 10.dxe4 h6 11.Bh4 Qe7 12.Nbd2 Be6 13.Bc2 g5 14.Bg3 Nd7 15.h4 f6
16.O-O-O Bg4 17.hxg5 hxg5 18.Bb3+ Be6 19.Rh6 Bxb3 20.axb3 Qg7 21.Rdh1 Nd8
22.Nxg5 Qxg5 23.R1h5 Qg7 24.Rh8+ Qxh8 25.Rxh8+ Kxh8 26.Qh5+ Kg7 27.Qg4+ Kh7
28.Qxd7+ Rf7 29.Qe8 Kg7 30.Nf3 Rb8 31.Nxe5 fxe5 32.Bxe5+ Kh7 33.Qh8+ Kg6
34.g4  1-0

[Event "2nd Kurdistan Open 2013"]
[Site "Erbil IRQ"]
[Date "2013.12.18"]
[Round "8.1"]
[White "Tiviakov,S"]
[Black "Hussein,AH"]
[Result "1-0"]
[WhiteElo "2658"]
[BlackElo "2277"]

1.e4 e5 2.Nf3 Nc6 3.Bb5 a6 4.Ba4 d6 5.O-O Bd7 6.c3 Nf6 7.Re1 g6 8.d4 b5 9.Bc2 Bg7
10.dxe5 dxe5 11.Be3 O-O 12.Nbd2 Ng4 13.Bc5 Re8 14.h3 Nf6 15.a4 h6 16.Nb3 Be6
17.Qe2 Qb8 18.Nfd2 Nh5 19.Be3 Nf4 20.Qf3 g5 21.Nc5 b4 22.a5 Nd8 23.Ba4 Rf8
24.Nxe6 Ndxe6 25.Bc6 Qc8 26.Bxa8 Qxa8 27.Nf1 bxc3 28.bxc3 Qc6 29.Ra3 Rd8
30.Ng3 Bf8 31.Rb3 Qa4 32.Reb1 Qxa5 33.Nf5 Qa4 34.Rb8 Qe8 35.Rxd8 Qxd8 36.Bxf4 Nxf4
37.g3 Ne6 38.Qd1 Qxd1+ 39.Rxd1 Kh7 40.Ra1 Nc5 41.f3 h5 42.Kg2 Kg6 43.Ne3 c6
44.Nc4 f6 45.Na5 f5 46.exf5+ Kxf5 47.Nxc6 e4 48.fxe4+ Kxe4 49.Nb4 Ke3 50.Nxa6 Nd3
51.Nc7 h4 52.Ra4 Ne1+ 53.Kf1 hxg3 54.Kxe1 Bd6 55.Ne6  1-0

[Event "TCh-NED Meesterklasse 2013-14"]
[Site "Netherland NED"]
[Date "2014.01.04"]
[Round "4.1"]
[White "Tiviakov,S"]
[Black "Bertholee,R"]
[Result "1-0"]
[WhiteElo "2665"]
[BlackElo "2347"]

1.e4 e6 2.d4 d5 3.Nd2 Nd7 4.Ngf3 dxe4 5.Nxe4 Ngf6 6.Nxf6+ Nxf6 7.c3 a6 8.Bd3 c5
9.O-O Qc7 10.Bg5 Be7 11.Qe2 b6 12.dxc5 Qxc5 13.Ne5 Bb7 14.Rfe1 Nd5 15.Qf3 Bf6
16.c4 Qe7 17.cxd5 Bxg5 18.Be4 Qf6 19.dxe6 Qxf3 20.Nxf3 Bxe4 21.exf7+ Kf8
22.Nxg5 Bf5 23.Rac1 h6 24.Ne6+ Kxf7 25.Rc7+ Kf6 26.Nxg7 Rac8 27.Rce7 Rc6
28.Nxf5 Kxf5 29.g3 Rd8 30.R1e2 Rd1+ 31.Kg2 Rcd6 32.h4 R1d2 33.Kf3 R6d3+ 34.R7e3 Rxe3+
35.Kxe3 Rd1 36.Rd2 Ra1 37.Rd6 Rxa2 38.Rxb6 h5 39.f3 Ke5 40.Rh6 Kd5 41.Rxh5+ Kc4
42.Rh6 a5 43.Rb6 a4 44.h5 Ra1 45.h6 Re1+ 46.Kf4 Rh1 47.Kg5 Kd3 48.g4 Kc2
49.Kg6 Kb1 50.h7 a3 51.bxa3+ Ka1 52.Rb8 Rh6+ 53.Kxh6 Ka2 54.h8=Q Kxa3 55.Qa1+  1-0

[Event "TCh-BEL 2013-14"]
[Site "Belgium BEL"]
[Date "2014.01.12"]
[Round "7.1"]
[White "Berelowitsch,A"]
[Black "Tiviakov,S"]
[Result "1/2-1/2"]
[WhiteElo "2543"]
[BlackElo "2665"]

1.e4 d5 2.exd5 Qxd5 3.Nc3 Qd6 4.d4 Nf6 5.Nf3 g6 6.h3 Bg7 7.Bc4 c6 8.O-O Be6
9.Bxe6 Qxe6 10.Bf4 O-O 11.Re1 Qd7 12.Qe2 Re8 13.Rad1 Na6 14.a3 Nc7 15.Ne5 Qc8
16.Bh2 Ncd5 17.Na4 Nd7 18.Nxd7 Qxd7 19.Nc5 Qc8 20.c3 Nf6 21.Qf3 a5 22.Re2 Ra7
23.Nd3 Qd8 24.Rde1 e6 25.Be5 Qe7 26.Qg3 b6 27.Qf3 Rc8 28.Bg3 Qd8 29.Bh4 Qd5
30.Qf4 Nd7 31.Qe3  1/2-1/2

[Event "TCh-NED Meesterklasse 2013-14"]
[Site "Netherland NED"]
[Date "2014.02.08"]
[Round "5.1"]
[White "Solleveld,Maa"]
[Black "Tiviakov,S"]
[Result "0-1"]
[WhiteElo "2523"]
[BlackElo "2665"]

1.e4 d5 2.exd5 Qxd5 3.Nc3 Qd6 4.d4 Nf6 5.Nf3 c6 6.Ne5 Nbd7 7.Nc4 Qc7 8.g3 Nb6
9.Bf4 Qd8 10.Ne5 g6 11.Bg2 Bg7 12.O-O O-O 13.Re1 Be6 14.Qd2 Re8 15.Rad1 Rc8
16.Bh6 Bh8 17.Ne2 Ng4 18.Nxg4 Bxg4 19.h3 Bf5 20.b3 e5 21.g4 Bd7 22.c4 exd4
23.Nxd4 Rxe1+ 24.Qxe1 Qc7 25.Be3 Re8 26.Qa5 Qb8 27.Nf3 Bf6 28.Nd2 Be6 29.Ne4 Bg7
30.Nc5 Bc8 31.Ne4 Be6 32.Rd2 h6 33.Bd4 Bxd4 34.Rxd4 Qf4 35.Qxa7 Nd7 36.Rd1 Bxg4
37.hxg4 Rxe4 38.Qxb7 Re2 39.Qa7 Ne5 40.Qd4 Re1+ 41.Bf1 Nf3+  0-1

[Event "Bronstein Mem Open A 2014"]
[Site "Minsk BLR"]
[Date "2014.02.11"]
[Round "1.15"]
[White "Lomako,P"]
[Black "Tiviakov,S"]
[Result "0-1"]
[WhiteElo "2386"]
[BlackElo "2639"]

1.c4 e5 2.Nc3 Nf6 3.g3 d5 4.cxd5 Nxd5 5.Bg2 Ne7 6.Nf3 Nbc6 7.O-O Nf5 8.b4 a6
9.a3 Be7 10.d3 O-O 11.Bb2 Be6 12.Rc1 Nfd4 13.e3 Bb3 14.Qd2 Nxf3+ 15.Bxf3 Qd7
16.Ne4 Bd5 17.Nc5 Bxc5 18.Bxd5 Qxd5 19.Rxc5 Qd6 20.d4 exd4 21.Bxd4 Nd8 22.Rc2 Ne6
23.Bc5 Qxd2 24.Rxd2 Rfd8 25.Rfd1 Rxd2 26.Rxd2 a5 27.Rd7 b6 28.Be7 axb4 29.axb4 f5
30.b5 Ra1+ 31.Kg2 Rb1 32.Rd5 Kf7 33.Bh4 g5 34.Bxg5 Nxg5 35.Rd7+ Kf6 36.Rxc7 Rxb5
37.h4 Ne4 38.Rc6+ Ke5 39.Rh6 Rb2 40.Kg1 Nxf2 41.Rxh7 Ke4 42.Rf7 Ng4 43.h5 b5
44.Kf1 Nxe3+ 45.Kg1 Kf3  0-1

[Event "Bronstein Mem Open A 2014"]
[Site "Minsk BLR"]
[Date "2014.02.12"]
[Round "2.11"]
[White "Tiviakov,S"]
[Black "Minasian,Art"]
[Result "1/2-1/2"]
[WhiteElo "2639"]
[BlackElo "2487"]

1.e4 c6 2.d3 d5 3.Nd2 g6 4.Ngf3 Bg7 5.d4 Bg4 6.c3 Nf6 7.Bd3 O-O 8.e5 Nfd7
9.h3 Bxf3 10.Nxf3 c5 11.h4 cxd4 12.cxd4 e6 13.h5 Qb6 14.O-O Nc6 15.Be3 Rfc8
16.a3 Na5 17.Ng5 Nf8 18.Qf3 Rc7 19.b4 Nc6 20.Rac1 Rac8 21.Rc5 Nd8 22.Qe2 a6
23.f4 Rxc5 24.bxc5 Qb3 25.Ra1 Qc3 26.Ra2 Nc6 27.Nf3 Qa5 28.hxg6 hxg6 29.Qe1 Qc7
30.Rb2 Rb8 31.Qb1 Nd7 32.Bd2 b6 33.cxb6 Rxb6 34.Rxb6 Nxb6 35.Qc1 Nc4 36.Bxc4 dxc4
37.Qxc4 Qb6 38.Kh2 Qb5 39.Qc2 Bf8 40.a4 Qd5 41.Qd3 a5 42.Bc3 Bh6 43.Bd2 Nb4
44.Qe2 Nc6 45.Qd3 Nb4 46.Qb5 Qe4 47.f5 Qxf5 48.Bxh6 Qh5+ 49.Kg3 Qxh6 50.Qxa5 Nd5
51.Qd2 Qh1 52.a5 Qa1 53.Ng5 Ne7 54.Kh2 Nf5 55.Nf3 Qa3 56.Qe1 Kg7 57.Kg1 Qa2
58.Qd2 Qa3 59.Kf2 Qa1 60.Qb4 Qa2+ 61.Qd2 Qa1 62.Qe1 Qa2+ 63.Kg1 Qa3 64.Qd2 Qa1+
65.Kh2 Qa3 66.Kh3 Qa1 67.Qe1 Qa3 68.Qd2 Qa1 69.Kh2 Qa3 70.Kg1 Qa1+ 71.Kf2  1/2-1/2

[Event "Bronstein Mem Open A 2014"]
[Site "Minsk BLR"]
[Date "2014.02.13"]
[Round "3.14"]
[White "Levin,Ev"]
[Black "Tiviakov,S"]
[Result "0-1"]
[WhiteElo "2514"]
[BlackElo "2639"]

1.d4 Nf6 2.c4 e6 3.Nf3 b6 4.g3 Bb4+ 5.Bd2 Be7 6.Bg2 c6 7.O-O d5 8.Qc2 Ba6
9.b3 Nbd7 10.Rd1 O-O 11.Bf4 Rc8 12.Nc3 Nh5 13.Bc1 f5 14.e3 Bd6 15.Bb2 Qe7
16.Ne2 c5 17.dxc5 Nxc5 18.Be5 Ne4 19.Bxd6 Qxd6 20.Qb2 Nhf6 21.Nd2 Qe7 22.Nxe4 dxe4
23.Qe5 Rfe8 24.Qd6 Kf7 25.Nc3 Red8 26.Qxe7+ Kxe7 27.Rxd8 Rxd8 28.Rd1 Nd7
29.f3 exf3 30.Bxf3 Rc8 31.e4 Ne5 32.Bg2 g6 33.exf5 gxf5 34.Rd4 Rc7 35.Rh4 Kf6
36.Rd4 Nf7 37.Rd2 Ke7 38.Kf2 Rc5 39.Na4 Rc7 40.Nc3 Nd6 41.Re2 Kf6 42.Rd2 Rd7
43.Bc6 Rd8 44.Bf3 Ke7 45.Re2 Bc8 46.Nd5+ Kf7 47.Nf4 Bd7 48.Rd2 Ke7 49.Re2 Kf6
50.Rd2 Be8 51.Ke3 Bf7 52.Bh5 Bg8 53.Be2 a5 54.Bf3 Bf7 55.Bh5 e5 56.Nd5+ Bxd5
57.Rxd5 Ke6 58.Bf3 Rc8 59.Rd2 b5 60.Bd5+ Ke7 61.cxb5 Nxb5 62.Bc4 Nd4 63.Kd3 h5
64.Kc3 h4 65.b4 a4 66.b5 Nxb5+ 67.Kb4 Nd4 68.Bd3 hxg3 69.hxg3 Rg8 70.Rg2 Rg4
71.Kxa4 f4 72.Kb4 f3 73.Rh2 e4 74.Bc4 e3 75.Kc3 e2 76.Kd2 Re4 77.Rh1 f2  0-1

[Event "Bronstein Mem Open A 2014"]
[Site "Minsk BLR"]
[Date "2014.02.16"]
[Round "6.3"]
[White "Grachev,B"]
[Black "Tiviakov,S"]
[Result "1/2-1/2"]
[WhiteElo "2669"]
[BlackElo "2639"]

1.d4 Nf6 2.c4 e6 3.g3 d5 4.Nf3 Bb4+ 5.Bd2 Be7 6.Bg2 c6 7.O-O b6 8.Bf4 O-O
9.Nc3 Bb7 10.Ne5 Nbd7 11.e4 Nxe5 12.dxe5 Nxe4 13.Nxe4 dxe4 14.Bxe4 Qc7 15.Qf3 Rab8
16.Rad1 c5 17.Bxb7 Qxb7 18.Qxb7 Rxb7 19.Kg2 Rd8 20.Rxd8+ Bxd8 21.Rd1 Be7
22.Kf3 Kf8 23.Ke4 Ke8 24.Rd3 Rd7 25.Rxd7 Kxd7 26.g4 Bh4 27.Be3 Be7 28.b3 Kc6
29.Kf3 Kd7 30.Kg3 Kc6 31.h4 Kd7 32.h5 Kc6 33.Kf3 Kd7 34.Ke4 Kc6 35.Bf4 Kd7
36.Bg3 Kc6 37.f3 Kd7 38.Be1 Kc6 39.f4 Kd7 40.Kf3 Ke8 41.Kg3 Kf8 42.Kh3 Kg8
43.Bh4 Bxh4 44.Kxh4 h6 45.g5 Kf8 46.Kg4 Ke7 47.f5 exf5+ 48.Kxf5 hxg5 49.Kxg5 Ke6
50.Kf4 Kd7 51.Kf5 Ke7 52.Kf4  1/2-1/2

[Event "Bronstein Mem Open A 2014"]
[Site "Minsk BLR"]
[Date "2014.02.17"]
[Round "7.5"]
[White "Tiviakov,S"]
[Black "Rakhmanov,Ale"]
[Result "1-0"]
[WhiteElo "2639"]
[BlackElo "2606"]

1.e4 g6 2.d4 Bg7 3.c3 d6 4.Nf3 Nf6 5.Bd3 O-O 6.O-O Nc6 7.d5 Nb8 8.c4 a5 9.Nc3 Na6
10.Be3 e5 11.dxe6 Bxe6 12.h3 Nb4 13.Nd4 Nxd3 14.Qxd3 Nd7 15.Qe2 Re8 16.Rad1 Qe7
17.Ndb5 Rac8 18.Rfe1 Nf6 19.b3 Bd7 20.f3 h6 21.Qf2 Kh7 22.Bd4 Bxb5 23.cxb5 c6
24.bxc6 bxc6 25.Qd2 Qb7 26.Na4 d5 27.Qc3 Nh5 28.Bxg7 Nxg7 29.Qxa5 Ne6 30.exd5 cxd5
31.Qxd5 Qa7+ 32.Kh1 Rc2 33.Qd7 Re7 34.Qxa7 Rxa7 35.a3 Nf4 36.Rc1 Rf2 37.Rf1 Rd2
38.Rg1 g5 39.Nc3 Rd3 40.a4 Rb7 41.Ne4 Rb8 42.Nc5 Rd2 43.a5 Ne2 44.Rgd1 Rb2
45.Rb1 Rc2 46.Ne4 Nf4 47.Rd2 Rc6 48.b4 f5 49.Rd7+ Kg8 50.Nd2 Rc2 51.a6 Ra2
52.b5  1-0

[Event "Bronstein Mem Open A 2014"]
[Site "Minsk BLR"]
[Date "2014.02.18"]
[Round "8.1"]
[White "Tiviakov,S"]
[Black "Jobava,Ba"]
[Result "1/2-1/2"]
[WhiteElo "2639"]
[BlackElo "2706"]

1.e4 c6 2.d4 d5 3.Nd2 dxe4 4.Nxe4 Nd7 5.Nf3 Ngf6 6.Ng3 c5 7.dxc5 e6 8.c6 bxc6
9.Be2 Be7 10.Nd2 Qc7 11.Nc4 h5 12.h4 Ba6 13.c3 Rd8 14.Qc2 Bxc4 15.Bxc4  1/2-1/2

[Event "Bronstein Mem Open A 2014"]
[Site "Minsk BLR"]
[Date "2014.02.19"]
[Round "9.3"]
[White "Oleksienko,M"]
[Black "Tiviakov,S"]
[Result "1-0"]
[WhiteElo "2630"]
[BlackElo "2639"]

1.e4 c5 2.Nf3 Nc6 3.d4 cxd4 4.Nxd4 g6 5.c4 Bg7 6.Be3 Nf6 7.Nc3 d6 8.Be2 O-O
9.O-O Nxd4 10.Bxd4 Bd7 11.Qd2 Bc6 12.f3 a5 13.b3 Nd7 14.Be3 Nc5 15.Rab1 Qb8
16.Kh1 b6 17.a3 Rc8 18.Nd5 Qb7 19.Bg5 Bxd5 20.exd5 a4 21.b4 Nb3 22.Qe3 b5
23.cxb5 Qxd5 24.f4 Qd4 25.f5 Qxe3 26.Bxe3 d5 27.Bf4 Nd4 28.b6 Rcb8 29.Bxb8 Rxb8
30.Bf3 gxf5 31.Bxd5 e6 32.Bf3 Rxb6 33.Rbc1 Rb8 34.Rc5 Nb5 35.Rfc1 Bb2 36.Rc8+ Rxc8
37.Rxc8+ Kg7 38.Ra8 e5 39.Rxa4 e4 40.Ra5 Nxa3 41.Be2 Nb1 42.Rxf5 Bd4 43.Bc4 f6
44.Rd5 Bf2 45.g3 Nc3 46.Rd7+ Kg6 47.Kg2 Be3 48.b5 h5 49.Rd6 Na4 50.Bb3 Nb6
51.Re6 Kf5 52.Re8 Bd4 53.Bc2 Be5 54.Rh8 Nc4 55.Rxh5+ Kg6 56.Rxe5  1-0

[Event "TCh-BEL 2013-14"]
[Site "Belgium BEL"]
[Date "2014.03.23"]
[Round "11.1"]
[White "Fridman,D"]
[Black "Tiviakov,S"]
[Result "1/2-1/2"]
[WhiteElo "2614"]
[BlackElo "2665"]

1.d4 Nf6 2.c4 e6 3.Nc3 Bb4 4.Qc2 O-O 5.Nf3 c5 6.dxc5 Na6 7.g3 Nxc5 8.Bg2 Nce4
9.O-O Nxc3 10.bxc3 Be7 11.e4 d6 12.e5 dxe5 13.Nxe5 Qc7 14.Qe2 Bd6 15.Re1 Nd7
16.Bf4 Bxe5 17.Bxe5 Nxe5 18.Qxe5 Qxc4 19.Rad1 Qxa2 20.Qc7 g6 21.Rd8 Rxd8
22.Qxd8+ Kg7 23.Qd4+ Kg8 24.Qd8+ Kg7 25.Qd4+ Kg8 26.Rd1 e5 27.Qxe5 Be6 28.Bxb7 Qb3
29.Bf3 a5 30.Kg2 a4 31.Bxa8 Qxd1 32.Qb8+ Kg7 33.Qe5+ Kg8 34.Qb8+  1/2-1/2

[Event "KL Chess Open 2014"]
[Site "Kuala Lumpur MAS"]
[Date "2014.04.04"]
[Round "1.1"]
[White "Tiviakov,S"]
[Black "Ferry,Ferdiansyah"]
[Result "1-0"]
[WhiteElo "2651"]
[BlackElo "2185"]

1.e4 c5 2.c3 d5 3.exd5 Qxd5 4.d4 Nf6 5.Nf3 Bg4 6.Nbd2 Nc6 7.Bc4 Qd7 8.Qb3 e6
9.Bb5 Bd6 10.dxc5 Bxc5 11.Qa4 Bxf3 12.Nxf3 O-O 13.Bg5 Nd5 14.Rd1 Qc7 15.O-O Ne5
16.Qe4 Bd6 17.Nxe5 Bxe5 18.g3 h6 19.Bc1 Nf6 20.Qe2 Rad8 21.Ba4 Bd6 22.Bc2 Bc5
23.Qf3 Qc6 24.Qxc6 bxc6 25.Kg2 Bb6 26.Ba4 c5 27.Bb5 Rxd1 28.Rxd1 Rd8 29.Rxd8+ Bxd8
30.Bf4 Nd5 31.Bd6 Bb6 32.Kf3 f6 33.Ke4 Kf7 34.Kd3 Nc7 35.Kc4 Nxb5 36.Kxb5 c4
37.Bc5  1-0

[Event "KL Chess Open 2014"]
[Site "Kuala Lumpur MAS"]
[Date "2014.04.05"]
[Round "2.1"]
[White "Dimakiling,O"]
[Black "Tiviakov,S"]
[Result "0-1"]
[WhiteElo "2379"]
[BlackElo "2651"]

1.c4 e5 2.Nc3 Nf6 3.e4 Bc5 4.g3 d6 5.h3 Be6 6.Nf3 Nc6 7.d3 Nd7 8.Bg2 O-O
9.O-O a6 10.a3 Nd4 11.Be3 b5 12.cxb5 Nxf3+ 13.Qxf3 axb5 14.b4 Bxe3 15.Qxe3 c6
16.d4 Nb6 17.d5 cxd5 18.exd5 Bd7 19.Qe2 Qe8 20.Rfd1 f5 21.Bf1 f4 22.Ne4 fxg3
23.fxg3 Qg6 24.Bg2 Nxd5 25.Nc5 Bc6 26.Nd7 Bxd7 27.Bxd5+ Be6 28.Bxa8 Rxa8
29.Qg2 e4 30.Kh2 Bc4 31.a4 d5 32.axb5 Rf8 33.Ra6 Qe8 34.Qb2 e3 35.Qd4 Rf2+
36.Kg1 h6 37.Ra7 Qg6 38.Qxe3 Re2 39.Ra8+ Kh7 40.Qf4 Qb6+ 41.Kh1 Qe6 42.g4 d4
43.Kg1 d3 44.Rd8 Qb6+ 45.Rd4 d2 46.Rf1 Re1 47.Qf5+ Qg6 48.Qxg6+ Kxg6 49.Rxd2 Rxf1+
50.Kh2 Bxb5 51.Rd5 Be8 52.Re5 Kf7 53.g5 hxg5 54.Rxg5 Rf4  0-1

[Event "KL Chess Open 2014"]
[Site "Kuala Lumpur MAS"]
[Date "2014.04.05"]
[Round "3.1"]
[White "Tiviakov,S"]
[Black "Kuderinov,K"]
[Result "1-0"]
[WhiteElo "2651"]
[BlackElo "2448"]

1.e4 c5 2.Nc3 Nc6 3.Bb5 Nd4 4.Nf3 Nxb5 5.Nxb5 d6 6.d4 cxd4 7.Qxd4 a6 8.Nc3 e5
9.Qd3 h6 10.Nd2 Nf6 11.Nc4 Be6 12.Ne3 Be7 13.O-O O-O 14.a4 Rc8 15.Bd2 Qc7
16.Rfd1 Qc5 17.Be1 Rfd8 18.Kh1 Bf8 19.f3 Nh5 20.Ned5 Bxd5 21.Qxd5 Qxd5 22.Rxd5 g6
23.Rd2 f5 24.exf5 gxf5 25.Nd5 Kf7 26.b3 Re8 27.c4 Nf6 28.Rad1 Nxd5 29.Rxd5 Ke6
30.Bf2 Be7 31.f4 exf4 32.Kg1 Bf8 33.Bd4 Kd7 34.Kf2 Be7 35.Be5 Ke6 36.Bxd6 Bg5
37.Kf3 Kf6 38.Bc5 Rxc5 39.Rxc5 Re3+ 40.Kf2 Rxb3 41.Rcd5 Bh4+ 42.Ke2 Kg5 43.R5d3  1-0

[Event "KL Chess Open 2014"]
[Site "Kuala Lumpur MAS"]
[Date "2014.04.07"]
[Round "4.1"]
[White "Venkatesh,M"]
[Black "Tiviakov,S"]
[Result "1/2-1/2"]
[WhiteElo "2515"]
[BlackElo "2651"]

1.g3 Nf6 2.Bg2 d5 3.Nf3 e6 4.O-O b6 5.c4 c6 6.b3 Be7 7.Bb2 O-O 8.d3 Bb7 9.Nbd2 c5
10.Qc2 Nc6 11.a3 dxc4 12.Nxc4 Rc8 13.e3 Nd7 14.Rac1 Qc7 15.Qe2 b5 16.Ncd2 Qb6
17.Rc2 Bf6 18.Bxf6 Nxf6 19.Rfc1 Nd7 20.Ng5 h6 21.Nge4 Ne7 22.Nd6 Qxd6 23.Bxb7 Rc7
24.Bg2 Rfc8 25.Ne4 Qb6 26.Nc3 a6 27.a4 Nc6 28.axb5 axb5 29.Ra1 Nb4 30.Rd2 Nf6
31.Qd1 Rd7 32.Na2 Nfd5 33.Bxd5 Nxd5 34.Rc1 Rcd8 35.Qc2 Qa5 36.d4 Nf6 37.b4 cxb4
38.Qb3 Nd5 39.Rb2 Rc7 40.Rxc7 Qxc7 41.Nxb4 Nxb4  1/2-1/2

[Event "KL Chess Open 2014"]
[Site "Kuala Lumpur MAS"]
[Date "2014.04.08"]
[Round "5.1"]
[White "Tiviakov,S"]
[Black "Laxman,R"]
[Result "1-0"]
[WhiteElo "2651"]
[BlackElo "2449"]

1.e4 e5 2.Bc4 Nf6 3.d3 Bc5 4.Nf3 O-O 5.Bg5 d6 6.Nc3 Be6 7.O-O Nbd7 8.Bb3 h6
9.Bh4 a6 10.d4 exd4 11.Nxd4 Bxd4 12.Qxd4 g5 13.Bg3 c5 14.Qd3 Ne5 15.Qe2 b5
16.Rad1 Qe7 17.Nd5 Bxd5 18.Bxd5 Rae8 19.f4 gxf4 20.Bxf4 Kg7 21.Qe3 Rh8 22.Qg3+ Kh7
23.Bxe5 dxe5 24.Qf2 Nxd5 25.Rxd5 Rhf8 26.Rxc5 Qe6 27.a3 f6 28.Rc7+ Rf7 29.Rxf7+ Qxf7
30.Qxf6 Qxf6 31.Rxf6 Rc8 32.c3 a5 33.Rb6 Rc5 34.Kf2  1-0

[Event "KL Chess Open 2014"]
[Site "Kuala Lumpur MAS"]
[Date "2014.04.12"]
[Round "9.1"]
[White "Tiviakov,S"]
[Black "Aravindh,Chithambaram VR."]
[Result "1/2-1/2"]
[WhiteElo "2651"]
[BlackElo "2417"]

1.e4 c5 2.Nc3 Nc6 3.Bb5 g6 4.Bxc6 dxc6 5.d3 Bg7 6.Be3 b6 7.Qd2 e5 8.f4 Nf6
9.h3 exf4 10.Bxf4 Nh5 11.Bg5 Qc7 12.O-O-O h6 13.Be3 g5 14.g4 Nf6 15.Nf3 Be6
16.Bg1 Nd7 17.Bh2 Ne5 18.Qf2 O-O-O 19.Kb1 h5 20.Nxg5  1/2-1/2